Miejscowości powiatu bielskiego (Śląskie) - Statystyki

Ogólne statystyki
  • Ten quiz został rozwiązany 213 razy
  • Średni wynik to 22 z 42
Statystyki odpowiedzi
Gmina Miejscowość % Poprawnych
Kozy Kozy
92%
Jasienica Jasienica
90%
miasto Czechowice-Dziedzice
89%
Wilkowice Wilkowice
89%
miasto Wilamowice
87%
Bestwina Bestwina
86%
Porąbka Porąbka
85%
Buczkowice Buczkowice
83%
Jaworze Jaworze
80%
miasto Szczyrk
71%
Bestwina Bestwinka
61%
Wilkowice Bystra
61%
Czechowice-Dziedzice Ligota
58%
Wilamowice Pisarzowice
56%
Bestwina Kaniów
55%
Czechowice-Dziedzice Zabrzeg
52%
Wilamowice Dankowice
50%
Jasienica Mazańcowice
50%
Bestwina Janowice
49%
Jasienica Międzyrzecze Górne
49%
Jasienica Rudzica
49%
Porąbka Czaniec
48%
Porąbka Kobiernice
48%
Jasienica Międzyrzecze Dolne
48%
Wilamowice Stara Wieś
48%
Wilamowice Hecznarowice
46%
Wilkowice Meszna
45%
Czechowice-Dziedzice Bronów
44%
Buczkowice Rybarzowice
44%
Jasienica Landek
41%
Buczkowice Kalna
40%
Jasienica Świętoszówka
39%
Porąbka Bujaków
37%
Buczkowice Godziszka
36%
Jasienica Grodziec
36%
Jasienica Łazy
34%
Jasienica Biery
33%
Jasienica Iłownica
33%
Wilamowice Zasole Bielańskie
28%
Jasienica Bielowicko
27%
Jasienica Roztropice
27%
Jasienica Wieszczęta
27%
Nie znaleziono quizów pasujących do podanych kryteriów
Rozkład punktacji
Procent ludzi z każdym wynikiem
Percentyl według liczby udzielonych odpowiedzi
Twoja historia wyników
Nie rozwiązałeś tego quizu